00651nam a22001937a 450000500170000001000150001702000260003202000230005803500130008103700130009408200140010724501150012126000450023627000630028130000370034450000410038170000160042270000190043820140109145715.0 aENG-108971 a9780198095941c795.00 a0198095945c795.00 aEN-92504 bDBAD/PUB a305.60954 aIndia social development report 2012 :cedited by Zoya Hasan [and] Mushirul Hasanbminorities at the margins / aNew DelhibOxford University Pressc2013 aYMCA Library Building, 1 Jai Singh RoadbNew Delhie110001 axx,298p. :c28cm(pbk)bill.,maps aIncludes bibliographical references  a Zoya Hasan aMushirul Hasan